000
00284 a2200121 4500
001
146831
040
_c
Escola São Tomás de Aquino
100
_a
MACHADO, Ana Maria
240
1
0
_a
Cachinhos de ouro
_l
por
245
1
0
_a
Cachinhos de ouro
697
_a
*LITERATURA INFANTO
942
_c
BK
999
_c
146831
_d
146831